MARC details
| 000 -CABECERA |
| campo de control de longitud fija |
01547nam a2200277 a 4500 |
| 001 - NÚMERO DE CONTROL |
| campo de control |
000009457 |
| 005 - FECHA Y HORA DE LA ÚLTIMA TRANSACCIÓN |
| campo de control |
20250204073951.0 |
| 008 - DATOS DE LONGITUD FIJA--INFORMACIÓN GENERAL |
| campo de control de longitud fija |
090930s2003 dr g n 001 pdspa d |
| 020 ## - NÚMERO INTERNACIONAL ESTÁNDAR DEL LIBRO |
| Número Internacional Estándar del Libro |
9993433578 |
| 040 ## - FUENTE DE LA CATALOGACIÓN |
| Centro catalogador/agencia de origen |
DO-SdBNP |
| Lengua de catalogación |
spa |
| Centro/agencia transcriptor |
BNPHU |
| 082 ## - NÚMERO DE LA CLASIFICACIÓN DECIMAL DEWEY |
| Número de clasificación |
RD861.4208 |
| Número de documento/Ítem |
M843tr |
| 100 1# - ENTRADA PRINCIPAL--NOMBRE DE PERSONA |
| Nombre de persona |
Moreno Jimenes, Domingo, |
| Fechas asociadas al nombre |
1894-1986 |
| 9 (RLIN) |
19534 |
| 245 14 - MENCIÓN DE TÍTULO |
| Título |
Los triálogos : |
| Resto del título |
poesía a tres voces / |
| Mención de responsabilidad, etc. |
Domingo Moreno Jimenes, Alberto Baeza Flores, Mariano Lebrón Saviñón ; editor Tomás Castro Burdiez. |
| 260 ## - PUBLICACIÓN, DISTRIBUCIÓN, ETC. |
| Lugar de publicación, distribución, etc. |
Santo Domingo : |
| Nombre del editor, distribuidor, etc. |
EDUCARTE, |
| Fecha de publicación, distribución, etc. |
2003. |
| 300 ## - DESCRIPCIÓN FÍSICA |
| Extensión |
83 p. ; |
| Dimensiones |
21 cm. |
| 500 ## - NOTA GENERAL |
| Nota general |
Incluye datos biográficos del autor en la contracubierta. |
| 505 0# - NOTA DE CONTENIDO CON FORMATO |
| Información miscelánea |
Presentación a la nueva edición de Los Triálogos / |
| Mención de responsabilidad |
Mario José Lebrón -- |
| Información miscelánea |
Unas notas a los cuarenta años de la primera edición de Los Triálogos / |
| Mención de responsabilidad |
Alberto Baeza Flores -- |
| Título |
Éramos tres / |
| Mención de responsabilidad |
Mariano Lebrón Saviñón -- |
| Título |
Domingo Moreno Jimenes: El prólogo que no se escribió -- |
| -- |
Triálogos: poesía a tres voces -- |
| -- |
Infinitestética: Tercer libro de los Triálogos -- |
| -- |
Cosmohombre: El cuarto libro de los Triálogos -- |
| -- |
Tres dimensiones de un prólogo. |
| 590 ## - NOTA LOCAL (RLIN) |
| Nota local |
Inventariado, 2018/VM |
| 650 #4 - PUNTO DE ACCESO ADICIONAL DE MATERIA--TÉRMINO DE MATERIA |
| Término de materia o nombre geográfico como elemento de entrada |
Poesía dominicana |
| Subdivisión general |
Colecciones |
| 9 (RLIN) |
351 |
| 650 #0 - PUNTO DE ACCESO ADICIONAL DE MATERIA--TÉRMINO DE MATERIA |
| Término de materia o nombre geográfico como elemento de entrada |
Literatura dominicana. |
| 9 (RLIN) |
67 |
| 700 12 - PUNTO DE ACCESO ADICIONAL--NOMBRE DE PERSONA |
| Nombre de persona |
Baeza Flores, Alberto, |
| Fechas asociadas al nombre |
1914-1998 |
| 9 (RLIN) |
7565 |
| 700 12 - PUNTO DE ACCESO ADICIONAL--NOMBRE DE PERSONA |
| Nombre de persona |
Lebrón Saviñon, Mariano |
| Fechas asociadas al nombre |
1922-2014 |
| 9 (RLIN) |
7227 |
| 700 #2 - PUNTO DE ACCESO ADICIONAL--NOMBRE DE PERSONA |
| Nombre de persona |
Castro, Tomás, |
| Fechas asociadas al nombre |
1959- |
| Término indicativo de función/relación |
ed. |
| 9 (RLIN) |
24641 |
| 710 2# - PUNTO DE ACCESO ADICIONAL--NOMBRE DE ENTIDAD CORPORATIVA |
| Nombre de entidad corporativa o nombre de jurisdicción como elemento de entrada |
Fundación para la Educación y el Arte (República Dominicana) |
| 9 (RLIN) |
20186 |
| 910 ## - DATOS DE OPCIÓN DEL USUARIO (OCLC) |
| Datos de opción del usuario |
Validado. Control de calidad EMS. |